00377nam a2200121Ia 4500008004100000245006300041260004500104260000900149300000900158500001200167650001300179856006300192170516s9999 xx 000 0 und d aExternal-stimuli responsive systems for cancer theranostic bAsian Journal of Pharmaceutical Sciences c2016 a11:5 aOctober xPharmacy uhttp://www.sciencedirect.com/science/journal/18180876/11/5